Plan de igualdad de oportunidades 1996-2000

Gespeichert in:
Bibliographische Detailangaben
Körperschaft: Consejo Nacional de las Mujeres (VerfasserIn)
Format: Buch
Sprache:Spanisch
Veröffentlicht: Quito CONAMU 1998
Ausgabe:2a. ed
Schlagworte:
Tags: Tag hinzufügen
Keine Tags, Fügen Sie den ersten Tag hinzu!

MARC

LEADER 00000nam a2200000 a 4500
001 UCP5449
003 CL-VaPUC
008 990910e19980000EC |||||||||||||||||spa|d
082 0 4 |a 305.4  |b CON  |2 21 
110 2 |a Consejo Nacional de las Mujeres  |e author  |9 433850 
245 1 0 |a Plan de igualdad de oportunidades 1996-2000 
250 |a 2a. ed 
300 |a 80 p 
942 |c BK 
945 |d 19990910 00:00:00  |a rbrito 
260 |a Quito  |b CONAMU  |c 1998 
650 0 |a Derechos de la mujer  |9 257074 
650 0 |a Mujeres trabajadoras  |9 259236 
650 0 |a Acción social  |9 307836 
650 0 |a Trabajo social   |9 307856 
650 0 |a Pobreza  |9 258652 
650 7 |a EDUCACION DE LA MUJER  |2 CL-VaPUC  |9 307884 
650 0 |a Derechos humanos  |9 223025 
650 0 |a Comunicación   |9 257251 
650 0 |a Salud  |9 258663 
583 |a last modification  |c 19990910 00:00:00  |k Rodrigo Vera 
999 |c 283197  |d 283195 
952 |0 0  |1 0  |4 0  |6 305_400000000000000_CON_1998  |7 0  |8 A  |9 326060  |a BIBEDU  |b BIBEDU  |d 2019-11-20  |i 356049K  |o 305.4 CON 1998  |p 356049K  |r 2019-11-20  |w 2019-11-20  |y BK  |k EPE